Esquizofrenia y presión social / (Record no. 88364)

MARC details
000 -LEADER
campo de control de longitud fija 00888nam a2200265 i 4500
001 - NÚMERO DE CONTROL
campo de control 88364
003 - IDENTIFICADOR DE NÚMERO DE CONTROL
campo de control ES-MaACL
005 - FECHA Y HORA DE LA ÚLTIMA TRANSACCIÓN
campo de control 20230906175840.0
007 - CAMPO FIJO DE DESCRIPCIÓN FÍSICA--INFORMACIÓN GENERAL
campo de control de longitud fija t|
008 - DATOS DE LONGITUD FIJA--INFORMACIÓN GENERAL
campo de control de longitud fija 050104s1981 sp ||||1| spa d
020 ## - NÚMERO INTERNACIONAL ESTÁNDAR DEL LIBRO
Número Internacional Estándar del Libro 84-7223-528-9
100 1# - ENTRADA PRINCIPAL--NOMBRE DE PERSONA
Nombre de persona Laing, Ronald David.
9 (RLIN) 69695
245 10 - MENCIÓN DEL TÍTULO
Título Esquizofrenia y presión social /
Mención de responsabilidad, etc. Ronald D. Laing, Morton Schatzman ; [edición y traducción de Isabel Vericat].
250 ## - MENCION DE EDICION
Mención de edición 4ª ed.
260 ## - PUBLICACIÓN, DISTRIBUCIÓN, ETC.
Lugar de publicación, distribución, etc. Barcelona :
Nombre del editor, distribuidor, etc. Tusquets,
Fecha de publicación, distribución, etc. 1981.
300 ## - DESCRIPCIÓN FÍSICA
Extensión 80 p. ;
Dimensiones 18 cm.
490 1# - MENCIÓN DE SERIE
Mención de serie Cuadernos ínfimos ;
Designación de volumen o secuencia 28. Los heterodoxos ;
-- 9
650 00 - PUNTO DE ACCESO ADICIONAL DE MATERIA--TÉRMINO DE MATERIA
Término de materia o nombre geográfico como elemento de entrada Esquizofrenia.
9 (RLIN) 12510
650 ## - PUNTO DE ACCESO ADICIONAL DE MATERIA--TÉRMINO DE MATERIA
Término de materia o nombre geográfico como elemento de entrada Enfermedades mentales-
Subdivisión general Aspectos sociales.
9 (RLIN) 12264
700 1# - ENTRADA AGREGADA--NOMBRE PERSONAL
Nombre de persona Schatzman, Morton.
9 (RLIN) 104248
700 1# - ENTRADA AGREGADA--NOMBRE PERSONAL
Nombre de persona Vericat, Isabel.
9 (RLIN) 114131
830 1# - PUNTO DE ACCESO ADICIONAL DE SERIE-TÍTULO UNIFORME
Título uniforme Cuadernos ínfimos ;
Designación de volumen o secuencia 28. Los heterodoxos ;
-- 9
9 (RLIN) 180855
852 ## - LOCALIZACIÓN
Ubicación ES-MaACL
Número de control de estantería L-10913
Holdings
Estatus retirado Estado de pérdida Estado de daño No para préstamo Biblioteca de origen Biblioteca actual Ubicación en estantería Fecha de adquisición Fuente de adquisición Total de préstamos Signatura topográfica completa Código de barras Visto por última vez Precio de reemplazo Tipo de ítem Koha
        Biblioteca del Ateneo de Madrid Biblioteca del Ateneo de Madrid Depósito 2 17/01/2008     L-10913 1092307 23/02/2023 23/02/2023 Libro impreso